=LDR 00000nam 2200000 4500 =001 INLIS000000000021939 =005 20130612120740 =008 ***********************************Ind** =035 ##$$0010-061300000021939 =041 ##$$a Ind =082 ##$$a 398.8 =090 ##$$a 398.8, Nur n =100 ##$$a Nurhidayat =245 ##$$a Nasihat tokoh-tokoh terkenal dunia, Nurhidayat =260 ##$$a 2005 $b Bandung =300 ##$$a 136 hlm, 20 cm =650 ##$$a Pepatah =850 ##$$a NBPNMAT